Statistics for UCI World Champions road cycling

Click here to take the quiz!

General Stats

  • This quiz has been taken 1,121 times
    (806 since last reset)
  • The average score is 22 of 83

Answer Stats

HintAnswer% Correct
2016Peter Sagan (SVK)
93%
2015Peter Sagan (SVK)
93%
1967Eddy Merckx (BEL)
81%
1971Eddy Merckx (BEL)
81%
1974Eddy Merckx (BEL)
81%
2011Mark Cavendish (GBR)
75%
1993Lance Armstrong (USA)
70%
2012Philippe Gilbert (BEL)
68%
1980Bernard Hinault (FRA)
62%
2014Michał Kwiatkowski (POL)
62%
2005Tom Boonen (BEL)
62%
2013Rui Costa (PRT)
58%
2009Cadel Evans (AUS)
57%
1953Fausto Coppi (ITA)
49%
1989Greg LeMond (USA)
47%
1983Greg LeMond (USA)
47%
2010Thor Hushovd (NOR)
47%
2001Óscar Freire (ESP)
46%
1999Óscar Freire (ESP)
46%
2004Óscar Freire (ESP)
46%
2006Paolo Bettini (ITA)
41%
2007Paolo Bettini (ITA)
41%
2008Alessandro Ballan (ITA)
37%
2002Mario Cipollini (ITA)
35%
1996Johan Museeuw (BEL)
32%
1987Stephen Roche (IRL)
32%
1985Joop Zoetemelk (NLD)
29%
1977Francesco Moser (ITA)
27%
1995Abraham Olano (ESP)
24%
1973Felice Gimondi (ITA)
24%
1991Gianni Bugno (ITA)
23%
1992Gianni Bugno (ITA)
23%
1960Rik Van Looy (BEL)
22%
1961Rik Van Looy (BEL)
22%
1954Louison Bobet (FRA)
21%
1976Freddy Maertens (BEL)
20%
1981Freddy Maertens (BEL)
20%
1997Laurent Brochard (FRA)
20%
1932Alfredo Binda (ITA)
19%
1930Alfredo Binda (ITA)
19%
1927Alfredo Binda (ITA)
19%
2003Igor Astarloa (ESP)
19%
2000Romāns Vainšteins (LVA)
19%
1964Jan Janssen (NLD)
18%
1965Tom Simpson (GBR)
17%
1994Luc Leblanc (FRA)
16%
1998Oscar Camenzind (CHE)
16%
1951Ferdi Kübler (CHE)
15%
1979Jan Raas (NLD)
15%
1986Moreno Argentin (ITA)
15%
1949Rik Van Steenbergen (BEL)
15%
1956Rik Van Steenbergen (BEL)
15%
1957Rik Van Steenbergen (BEL)
15%
1982Giuseppe Saronni (ITA)
14%
1988Maurizio Fondriest (ITA)
14%
1990Rudy Dhaenens (BEL)
13%
1975Hennie Kuiper (NLD)
11%
1970Jean-Pierre Monseré (BEL)
11%
1972Marino Basso (ITA)
11%
1984Claude Criquielion (BEL)
10%
1966Rudi Altig (DEU)
9%
1955Stanneke Ockers (BEL)
9%
1936Antonin Magne (FRA)
7%
1978Gerrie Knetemann (NLD)
7%
1963Benoni Beheyt (BEL)
6%
1950Briek Schotte (BEL)
6%
1948Briek Schotte (BEL)
6%
1962Jean Stablinski (FRA)
5%
1933Georges Speicher (FRA)
4%
1969Harm Ottenbros (NLD)
4%
1938Marcel Kint (BEL)
4%
1968Vittorio Adorni (ITA)
4%
1928Georges Ronsse (BEL)
3%
1929Georges Ronsse (BEL)
3%
1935Jean Aerts (BEL)
3%
1934Karel Kaers (BEL)
3%
1931Learco Guerra (ITA)
3%
1959André Darrigade (FRA)
2%
1958Ercole Baldini (ITA)
2%
1952Heinz Müller (DEU)
2%
1947Theo Middelkamp (NLD)
2%
1937Eloi Meulenberg (BEL)
1%
1946Hans Knecht (CHE)
1%

Score Distribution

Percentile by Number Answered

Percent of People with Each Score

Your Score History

You have not taken this quiz since the last reset